000 00965cam a22003013a 4500
001 16387889
003 LC
005 20160222143245.0
008 971216s1981 nyu 000 1 eng
010 _a 97814617
020 _a0671644211
035 _a(DLC) 97814617
040 _aDLC
_cDLC
_dDLC
050 0 0 _aPL 842
_b.Y65 1971
082 _aFIC
_bY8m 1989
100 1 _aYoshikawa, Eiji.
_919810
245 1 0 _aMusashi :
_pthe bushido code /
_cEiji Yoshikawa ; translated from the Japanese by Charles S. Terry ; foreword by Edwin O. Reischauer.
260 _aNew York :
_bPocket Books,
_c1989.
300 _a341 p. ;
_c18 cm.
440 _aBook IV : the bushido code
650 _aFiction
_9746
700 1 _aTerry, Charles S.
_919811
700 1 _aReischauer, Edwin O.
_919812
710 2 _aCopyright Paperback Collection (Library of Congress)
_5DLC
_9705
906 _a7
_bcbc
_corignew
_d2
_encip
_f19
_gy-genrareb
942 _cBK
_2lcc
999 _c11326
_d11326